Score 0/20 Timer 02:00
0 Plays Today
Mixed Word State Capital % Correct
NASTA EFSanta Fe
94.6%
TITLEL CORKLittle Rock
94%
SCARETAMONSacramento
88.5%
EVERNDDenver
86.6%
BALNAYAlbany
85.1%
PEAKTOTopeka
84.9%
MEALSSalem
82.3%
UJEANUJuneau
81.2%
SAGUTUAAugusta
75.4%
NATATALAtlanta
75.3%
Mixed Word State Capital % Correct
SADINOMMadison
68.6%
REEPIRPierre
60.5%
LATELASEHASTallahassee
58.9%
LEAHNEHelena
56.4%
ALPNIDINIASOIndianapolis
48%
VIROPENDECProvidence
41.8%
SHAVENILLNashville
38%
SANITUAustin
33.1%
PANANSILOAnnapolis
32.4%
SHARECLONTCharleston
28.8%
Remove Ads.
Support Sporcle.
Get the best of Sporcle when you Go Orange. This ad-free experience offers more features, more stats, and more fun while also helping to support Sporcle. Thank you for becoming a member.

You're not logged in!

Compare scores with friends on all Sporcle quizzes.
OR
Log In

Show Comments

Extras

Top Quizzes Today


Score Distribution

Your Account Isn't Verified!

In order to create a playlist on Sporcle, you need to verify the email address you used during registration. Go to your Sporcle Settings to finish the process.

Report this User

Report this user for behavior that violates our Community Guidelines.

Details: